[Event "GCT Paris Blitz 2021"]
[Site "Paris"]
[Date "2021.06.22"]
[Round "14"]
[White "Rapport, Richard"]
[Black "Radjabov, Teimour"]
[Result "1-0"]
[WhiteElo "2763"]
[BlackElo "2765"]
[Annotator "TA"]
[PlyCount "117"]
[EventDate "2021.06.21"]
[EventType "tourn"]
[EventCountry "FRA"]
[SourceTitle "playchess.com"]
[Source "ChessBase"]
[SourceQuality "1"]

{[%evp 17,117,11,0,4,20,0,24,-37,55,9,4,7,0,2,0,0,0,-42,-35,-39,0,0,0,-51,-59,
-54,-62,-57,0,-17,0,0,0,0,0,-21,-9,-23,-21,-27,-27,-20,-14,-26,-26,-25,-25,-26,
-28,-27,-16,-13,-25,-18,0,0,0,0,0,0,0,0,0,0,0,0,0,0,2,0,0,0,0,0,0,0,0,0,-9,-61,
0,0,0,-2,0,-83,0,-3,0,-198,-198,-182,-167,-312,224,224,29995,29996,29996,29997,
29997,29998]} 1. g3 d5 2. Nf3 Nf6 3. Bg2 c6 4. O-O Bf5 5. c4 e6 6. cxd5 exd5 7.
d3 Be7 8. Nc3 O-O 9. Nd4 Bg6 10. e4 {A11: English Opening: 1...c6.} dxe4 11.
dxe4 Nbd7 {[%cal Bb8d7,Bd7b6,Bb6c4][%mdl 32]} 12. f4 {[#]} (12. Nf5 $11) 12...
Bh5 $146 ({Black should play} 12... Bc5 $15 13. Kh1 Qe8) ({Predecessor:} 12...
Bc5 13. Kh1 Bh5 14. Nf3 Re8 15. e5 Ng4 16. Ne4 Bg6 17. Nfg5 Ndxe5 18. Qxd8
Raxd8 19. fxe5 h6 20. Nxc5 {1-0 (20) Postny,E (2462)-Eden,J (2338) Chess.com
INT 2017}) 13. Qd2 Nb6 {[#] Threatens to win with ...Bc5.} 14. Kh1 Nc4 15. Qd3
c5 $36 {[%mdl 2048] Black fights for an advantage.} 16. Qxc4 cxd4 17. Nd5 (17.
Nb5 {seems wilder.} Rc8 18. Qd3 Qb6 19. h3 Rfd8 20. e5) 17... Nxd5 18. exd5 Rc8
19. Qxd4 Bc5 20. Qd3 ({White should try} 20. Qe5 $11 g6 21. f5) 20... Re8 $15 {
[#] ...Be2 is the strong threat.} 21. Bf3 {[%cal Rf3h5]} Bxf3+ 22. Qxf3 Qf6 (
22... Bd4 $15 23. Bd2 Rc2) 23. Rb1 Qf5 24. Bd2 Red8 25. Bc3 Rxd5 26. Rbe1 Rcd8
27. Re4 h5 28. Rfe1 f6 29. Kg2 Kh7 30. R4e2 Kg6 31. h3 Rd3 32. g4 Qd5 33. Qxd5
R8xd5 34. Rf1 b5 35. Rf3 Rxf3 36. Kxf3 $11 {[%mdl 4096] Endgame KRB-KRB} Rd3+
37. Kg2 hxg4 38. hxg4 Be3 39. f5+ Kf7 40. Kf3 Bb6+ 41. Kg2 Bc7 42. Re4 Bb6 43.
Bb4 a5 44. Re7+ Kg8 45. Re8+ Kh7 46. Be1 b4 47. Re6 Bc7 48. Re7 ({Better is} 
48. b3 $11) 48... Bf4 (48... Be5 $15 49. Ra7 Rd1) 49. b3 Kh6 50. Bf2 Be5 51.
Be1 (51. Kf1 $11 {remains equal.}) 51... Bf4 (51... Rd4 $17 52. Kf3 Rf4+ 53.
Ke2 Re4+ 54. Kd1 Rd4+ 55. Ke2 Re4+ 56. Kf1 Rf4+ 57. Ke2 Re4+) 52. Bf2 Be5 53.
Bh4 $2 (53. Be1 $11 {and White stays safe.}) 53... Rd2+ $19 54. Kf3 Rxa2 55.
Bf2 (55. g5+ $142 fxg5 56. Bxg5+ Kxg5 57. Rxe5) 55... Kh7 $4 {[%mdl 8192]} (
55... Rb2 $19 {and all is fine.} 56. Be3+ g5) 56. g5 $1 $18 {[%cal Rg5g6][%mdl
1024] White wants to mate with g6+. White has strong compensation.} Ra3 $2 (
56... Rxf2+ $18 57. Kxf2 Bd4+ 58. Kf3 fxg5) 57. g6+ {White mates.} Kh6 58. Be3+
Kh5 59. Rxg7 {[%cal Rg7h7] Weighted Error Value: White=0.23/Black=0.34} 1-0

[Event "GCT Paris Blitz 2021"]
[Site "Paris"]
[Date "2021.06.22"]
[Round "14"]
[White "Firouzja, Alireza"]
[Black "Kramnik, Vladimir"]
[Result "1-0"]
[WhiteElo "2759"]
[BlackElo "2753"]
[Annotator "TA"]
[PlyCount "127"]
[EventDate "2021.06.21"]
[EventType "tourn"]
[EventCountry "FRA"]
[SourceTitle "playchess.com"]
[Source "ChessBase"]
[SourceQuality "1"]

{[%evp 9,127,-8,10,-4,0,-3,0,-14,0,0,0,0,0,-14,16,20,39,35,47,12,11,0,155,27,
41,0,0,0,0,0,18,-62,0,-33,-42,-20,0,0,0,0,33,28,39,39,40,54,47,29,158,0,0,0,0,
-205,-220,-261,-266,-296,-185,-1313,-1379,-1189,-714,-579,8,0,20,30,71,67,60,
61,67,67,70,70,66,70,70,85,29941,29941,29942,29942,12850,1091,29950,29950,
29952,29954,29953,29954,29959,29960,29961,29963,29965,29966,29966,29967,29966,
29968,29968,29969,29968,29970,29969,29971,29971,29973,29970,29974,29974,29975,
29974,29971,29980,29981,29982,29982]} 1. e4 e5 2. Nc3 Nf6 3. Bc4 Bc5 4. d3 d6
5. h3 Nc6 6. a3 {C27: Vienna Game: 2...Nf6 3 Bc4 Nxe4.} a6 7. Nge2 O-O 8. Ng3 {
The position is equal.} h6 9. O-O b5 10. Ba2 {[#]} Be6 $146 ({Predecessor:} 
10... Bb7 11. Kh2 Ne7 12. f4 exf4 13. Bxf4 Ng6 14. Bd2 Kh8 15. Nh5 Nxh5 16.
Qxh5 Qh4 17. Qxh4 Nxh4 {1-0 (58) Birkic,V (1499)-Andersen,B (1652) Sarpsborg
2003}) 11. Kh2 Bxa2 12. Rxa2 d5 13. exd5 Nxd5 14. Nce4 (14. Bxh6 $5 Nxc3 15.
Qg4 $14) 14... Bd6 {[#]} 15. Bxh6 $1 f5 $2 {[#]} (15... gxh6 $11 16. Qg4+ Kh7
17. Qf5+ (17. Nxd6 $2 Qxd6 18. Qe4+ Kh8 $19) 17... Kg8 18. Qg4+ Kh7 19. Qf5+ (
19. Nxd6 $2 Qxd6 20. Nf5 Qg6 $19) 19... Kg8 20. Qg4+) 16. Bg5 (16. Bxg7 $1 $16
{[%mdl 512]} Kxg7 17. Nxf5+ $1 {[%mdl 576] Remove Defender, Decoy} Rxf5 18.
Qg4+ {[%mdl 64] Double Attack} Rg5 19. Nxg5 (19. Qxg5+ Qxg5 20. Nxg5 e4+ 21. g3
exd3 $16)) 16... Qd7 {[#]} 17. c4 $1 Nf4 18. Nxd6 Qxd6 19. b4 Nd4 20. Kg1 (20.
f3 $11) 20... Qg6 ({Black should try} 20... Nde6 $15 21. Bxf4 exf4) 21. Bxf4 (
21. h4 {is interesting.} Rae8 22. Re1 Nfe6 23. Be3 f4 24. Bxd4 Nxd4 25. Ne4)
21... exf4 22. Qh5 Qxh5 23. Nxh5 f3 24. Nf4 Rae8 25. h4 bxc4 26. dxc4 Re4 27.
g3 Rd8 28. Kh2 Kf7 (28... Re2 $11 29. Raa1 (29. Nxe2 fxe2 30. Re1 Nf3+ {
[%mdl 64] Double Attack} 31. Kh3 Nxe1 $17) 29... Nc2) 29. Nh3 $2 ({Better is} 
29. Rd2 $16) 29... Ne6 $11 30. Ng1 Rd3 $36 {[%mdl 2048] Black is more active.}
31. c5 $2 {[#]} (31. Nh3 $11) 31... g5 $1 $19 32. Nh3 gxh4 33. Rg1 hxg3+ 34.
Rxg3 $2 (34. fxg3 Rb3 35. Rga1) 34... Rh4 35. a4 Nf4 36. b5 Rd8 $2 (36... Ne2
$19 37. Ra1 Nxg3 38. Kxg3 Rg4+ 39. Kh2 Rg2+ 40. Kh1 Rd4) 37. Ra3 Nxh3 (37...
axb5 {keeps more tension.} 38. axb5 Rd5 39. Rgxf3 Nxh3 40. Rxh3 Rxh3+ 41. Kxh3
Rxc5 42. Rb3 Kf6) 38. Rxh3 Rxh3+ 39. Kxh3 axb5 40. axb5 $11 {[%mdl 4096]
Endgame And now Ra7 would win. KR-KR} Rd5 41. Rc3 $1 ({Don't play} 41. Rxf3
Rxc5 42. Rb3 Kf6 $11) 41... Ke6 42. Kg3 Rd4 43. Rb3 {Strongly threatening b6.}
Kd7 $1 44. b6 $1 {[%cal Rb6b7]} cxb6 {[%mdl 8192]} (44... Kc8 $16) 45. cxb6 Kc8
46. Kxf3 Kb7 47. Rb5 (47. Kg3 $142 Rg4+ 48. Kf3) 47... f4 48. Kg4 {White mates.
} Ra4 49. f3 Rc4 50. Rf5 Kxb6 51. Rxf4 Rc1 52. Rd4 Kc5 53. Rd2 Rg1+ 54. Kf5 Rg8
55. f4 Rf8+ 56. Kg5 Rg8+ 57. Kh6 Rf8 {[#]} 58. Rf2 $1 Kd5 59. Kg7 Rf5 60. Kg6
Rf8 61. f5 Rg8+ 62. Kh7 Ra8 63. f6 Ke6 64. f7 {What a bad dream for Black. 
Weighted Error Value: White=0.32/Black=0.44} 1-0

[Event "GCT Paris Blitz 2021"]
[Site "Paris"]
[Date "2021.06.22"]
[Round "15"]
[White "Aronian, Levon"]
[Black "Nepomniachtchi, Ian"]
[Result "1/2-1/2"]
[WhiteElo "2781"]
[BlackElo "2792"]
[Annotator "TA"]
[PlyCount "96"]
[EventDate "2021.06.21"]
[EventType "tourn"]
[EventCountry "FRA"]
[SourceTitle "playchess.com"]
[Source "ChessBase"]
[SourceQuality "1"]

{[%evp 9,96,38,84,75,82,70,70,88,128,128,262,268,259,173,268,258,272,249,421,
248,252,259,254,133,138,117,125,76,73,68,90,43,205,198,215,215,208,216,214,217,
217,216,214,214,214,205,202,208,215,133,136,115,112,112,109,109,179,189,251,0,
241,0,0,0,18,0,0,0,0,0,0,0,0,0,0,0,0,0,0,0,0,25,0,0,0,0,0,0,0]} 1. d4 Nf6 2.
Nf3 e6 3. Bf4 c5 4. e3 b6 5. Nc3 {[%cal Bb1c3,Bc3b5,Bb5d6,Bd6e4][%mdl 32]} cxd4
6. Nb5 {A47: 1 d4 Nf6 2 Nf3 b6: Torre, London and Colle Systems.} (6. Qxd4 Nc6
$11) 6... Nd5 7. Qxd4 ({Don't play} 7. Nfxd4 Nxf4 8. exf4 a6 $15) 7... Nc6 8.
Qa4 {White is slightly better.} Bb4+ 9. c3 Nxf4 (9... Bc5 $16 {keeps fighting.}
) 10. cxb4 $18 Nd5 11. Nd6+ {[#]} Kf8 $146 (11... Ke7 $142) ({Predecessor:} 
11... Ke7 12. b5 Kxd6 13. bxc6 Ke7 14. e4 Nf6 15. Bb5 Qc7 16. O-O d6 17. e5
dxe5 18. Rfe1 Rd8 19. Nxe5 Rd5 20. f4 Qd6 {1/2-1/2 (20) Perelshteyn,E (2485)
-Kovalyov,A (2612) Dearborn 2013}) 12. b5 Na5 13. Ne5 Qf6 $2 {[#]} (13... f6 {
was worth a try.}) 14. Qd4 (14. Qa3 $142 $1) 14... Ke7 15. Ne4 {[%cal Re4f6]} (
{Stronger than} 15. Nexf7 Qxd4 16. exd4 Rf8 $17) 15... Qh6 16. b4 (16. Qa4 $1
$18 {[%cal Ra4a3]} Nb7 17. Qa3+ d6 18. h4) 16... Nb7 $16 17. Rc1 f6 18. Nf3 f5
19. Nc3 $36 {[%mdl 2048] Black is under pressure.} Nxc3 20. Rxc3 {Strongly
threatening Rc7.} Qf6 $2 ({Better is} 20... Nd6 $14) 21. Ne5 $1 $18 Nd6 22. Rc7
{Nc6+ is the strong threat.} Ne8 {[#]} 23. Rxc8 {[%mdl 576] Remove Defender,
Decoy} Rxc8 24. Qxd7+ {[%mdl 64] Double Attack} Kf8 25. Qxc8 {Black must now
prevent Nd7+.} Qxe5 26. Bc4 $1 Qc3+ 27. Kd1 $1 g6 28. Qxe6 {[%csl Gc4][%cal
Re6f7]} Kg7 29. Ke2 {aiming for Rd1.} Nd6 30. Qxd6 {Threatens to win with Qe7+.
} Qxc4+ $16 {[%mdl 4096] Endgame KQR-KQR} 31. Qd3 Qg4+ 32. Kd2 {Hoping for
Qc3+.} Qxg2 (32... Qxb4+ $16 33. Qc3+ Qxc3+ 34. Kxc3 Rd8) 33. Qd4+ $18 Kh6 {[#]
} (33... Kf7 {might work better.}) 34. Qh4+ $1 ({Not} 34. Qxh8 Qxh1 35. Qf8+
Kh5 $11) 34... Kg7 {[#]} 35. Qd4+ $2 (35. Rc1 $1 $18 {[%cal Rc1c7] White wants
to mate with Rc7+.} Qd5+ 36. Qd4+ Qxd4+ 37. exd4) 35... Kh6 $11 36. Qxh8 (36.
Qf4+ {keeps more tension.} Kh5 37. Rc1 Qd5+ 38. Qd4 Rd8 39. Qxd5 Rxd5+ 40. Ke2)
36... Qxh1 {KQ-KQ} 37. Qe5 Qb1 38. Qf4+ Kg7 39. Qd4+ (39. a3 {seems wilder.}
Qa2+ 40. Ke1 Qxa3 41. Qd4+ Kh6 42. Qf4+) 39... Kh6 40. Qf4+ (40. Qh4+ {with
more complications.} Kg7 41. Qd4+) 40... Kg7 41. Qc4 (41. a3 {feels hotter.}
Qa2+ 42. Ke1 Qxa3 43. Qd4+ Kf7 44. Qd5+) 41... Kh6 42. a4 Qb2+ 43. Ke1 Qa1+ 44.
Ke2 Qxa4 45. Qh4+ Kg7 46. Qe7+ {The position is equal.} Kg8 47. Qe8+ Kg7 48.
Qe7+ Kg8 {Blacks defense is rewarded with a draw.  Weighted Error Value:
White=0.22/Black=0.25} 1/2-1/2

[Event "GCT Paris Blitz 2021"]
[Site "Paris"]
[Date "2021.06.22"]
[Round "15"]
[White "Vachier-Lagrave, Maxime"]
[Black "Radjabov, Teimour"]
[Result "1-0"]
[WhiteElo "2760"]
[BlackElo "2765"]
[Annotator "TA"]
[PlyCount "75"]
[EventDate "2021.06.21"]
[EventType "tourn"]
[EventCountry "FRA"]
[SourceTitle "playchess.com"]
[Source "ChessBase"]
[SourceQuality "1"]

{[%evp 14,75,36,37,41,43,55,31,32,23,28,22,29,0,31,28,26,19,198,191,217,194,
200,226,312,312,260,175,185,189,340,306,304,287,274,259,394,241,432,420,431,
429,491,463,484,492,710,474,474,427,531,530,589,582,581,576,1168,1147,1081,859,
764,808,1430,605]} 1. c4 g6 2. Nc3 Bg7 3. d4 Nf6 4. g3 c6 5. Nf3 d5 6. Qb3 O-O
7. Bg2 e6 8. O-O b6 {D78: Fianchetto Grünfeld: 6 0-0 c6.} 9. Rd1 Bb7 10. Bf4
Nbd7 {White is slightly better.} 11. Rac1 Re8 12. a4 {[%cal Ba2a4,Ba4a5][%mdl
32] [#]} Rc8 $146 ({Predecessor:} 12... Ba6 13. cxd5 exd5 14. e3 Bc4 15. Qc2 a5
16. b3 Ba6 17. Ne5 Rc8 18. Ne2 Nxe5 19. Bxe5 {1-0 (45) Peng,X (2427)-Chu,W 
(2399) Tianjin 2018}) 13. Qa2 Qe7 14. a5 Ba8 15. b3 c5 $2 {Loses the game.} (
15... h6 $11) 16. Nb5 $1 $18 cxd4 {[#]} 17. Bd6 {[%cal Rd6e7]} ({Worse is} 17.
Nxa7 Rc5 $11) 17... Qd8 18. Nxa7 Ne4 19. Nxc8 Qxc8 20. cxd5 Nc3 21. dxe6 Rxe6 {
[#]} (21... fxe6 22. Qd2 Bxf3 23. Bxf3 bxa5) 22. Bb4 $1 bxa5 23. Bxc3 dxc3 24.
Qxa5 Re8 (24... Ra6 {keeps fighting.} 25. Qb5 c2) 25. e3 c2 $2 (25... Nc5 {
might work better.}) 26. Rd2 Be4 27. Nd4 {White is clearly winning.} Bxg2 28.
Kxg2 Qb7+ 29. Nf3 Re5 (29... Nf8 $142 30. Qd5 Qxd5 31. Rxd5 Rc8) 30. Qd8+ Nf8
31. Qd3 h5 32. Rdxc2 h4 33. gxh4 Ne6 34. Rc6 Rb5 {[#]} 35. Rxe6 $1 {[%mdl 64]
Deflection} fxe6 36. Qxg6 Rf5 37. Qxe6+ Rf7 38. Qc8+ {Weighted Error Value:
White=0.22/Black=0.58} 1-0

[Event "GCT Paris Blitz 2021"]
[Site "Paris"]
[Date "2021.06.22"]
[Round "15"]
[White "Firouzja, Alireza"]
[Black "Rapport, Richard"]
[Result "0-1"]
[WhiteElo "2759"]
[BlackElo "2763"]
[Annotator "TA"]
[PlyCount "180"]
[EventDate "2021.06.21"]
[EventType "tourn"]
[EventCountry "FRA"]
[SourceTitle "playchess.com"]
[Source "ChessBase"]
[SourceQuality "1"]

{[%evp 17,180,52,52,51,42,42,27,32,42,45,43,51,23,35,25,39,40,40,50,33,41,0,44,
40,41,42,34,0,0,-411,-381,-416,-387,-461,-454,-442,-443,-452,-412,-421,-441,
-512,-467,-508,-500,-479,-473,-465,-433,-416,-188,-302,-216,-241,-241,-241,
-241,-290,-236,-272,-280,-265,-272,-236,-156,-341,-327,-1112,-785,-718,-671,
-1470,-1412,-920,0,-633,-629,-584,-586,-845,-844,-854,-748,-2233,-853,-846,
-828,-777,-769,-1040,-977,-785,-596,-2169,-2166,-2144,-1926,-1008,-1000,-1210,
-1067,-5093,-2233,-29983,-29981,-29981,-29982,-29987,-29980,-29978,-29978,
-29976,-29975,-29977,-29964,-29960,-29964,-29966,-29967,-29966,-29965,-29961,
-29961,-29967,-1927,-29961,-29965,-1582,0,-29965,-29965,-29967,-29964,-29966,
-29959,-5081,-1868,-1050,0,-159,-159,-144,0,0,0,0,0,-5628,-5628,-5498,-5367,
-29980,-29982,-29980,-29982,-29983,-29984,-29984,-29985,-29987,-29986,-29991,
-29987,-29987,-29988]} 1. e4 c5 2. Nf3 e6 3. d4 cxd4 4. Nxd4 Nf6 5. Nc3 Nc6 6.
Ndb5 Bb4 7. Bf4 Nxe4 8. Qf3 d5 9. Nc7+ Kf8 $1 10. Nxa8 {And now 0-0-0 would
win. B45: Sicilian Four Knights.} e5 11. Bd2 Nd4 12. Qd1 {Threatens to win
with Nxe4.White has an edge.} Qh4 {[%csl Ge4][%cal Rh4f2]} 13. g3 Qf6 {[%csl
Ge4][%cal Rf6f2]} 14. Nxe4 Nf3+ {[#]} 15. Qxf3 $1 Qxf3 16. Bxb4+ Kg8 17. Nd6
Qxh1 18. O-O-O Be6 19. Nc7 Qxh2 (19... Qf3 {keeps more tension.} 20. Nxe6 fxe6
21. Bh3 Qf6 22. f4 Qh6) 20. Nxd5 Bxd5 (20... Qxf2 $2 21. Ne4 $18) 21. Rxd5 Qxf2
{[#]} 22. Bc4 $146 (22. Rxe5 $5 {[%cal Re5e8]} Qxf1+ 23. Re1 Qxe1+ 24. Bxe1 $14
) ({Predecessor:} 22. Rxe5 Qxf1+ 23. Re1 Qxe1+ 24. Bxe1 h5 25. Bc3 b6 26. Kd2
f6 27. Ke3 Kf8 28. Kf3 Ke7 29. Nb5 Kd7 {1/2-1/2 (29) Brunori,V (2212)-Ploscaru,
S (2223) ICCF email 2018}) 22... Qe3+ (22... Qxg3 $6 23. b3 $16) 23. Rd2 $2 {
[%mdl 8192]} (23. Kd1 $11 {and White is okay.}) 23... Qe1+ $19 24. Rd1 Qxb4 25.
a3 Qc5 26. b4 Qe3+ 27. Kb2 g6 28. Nxf7 b5 29. Ba2 Kg7 30. Rd7 {intending Nxe5+.
} Rf8 31. Nxe5+ Kh8 32. Nf7+ {[#]} Rxf7 $1 33. Bxf7 {[%mdl 4096] Endgame KQ-KRB
} Kg7 (33... Qxg3 $142 {aiming for ...h5.} 34. Rxa7 h5) 34. Bc4+ (34. Bb3+ $142
Kh6 35. Rd3 Qe5+ 36. Kb1) 34... Kh6 35. Bd3 a6 ({Don't play} 35... Qxg3 36.
Rxa7 Qe5+ 37. Kb3 $17) 36. g4 Qf4 37. Kb3 Qxg4 38. Rd6 Qc8 39. a4 Qg8+ 40. Ka3
Qh8 {...Qa1+ is the strong threat.} 41. axb5 $2 (41. Rxa6 $17 {was the only
defense.} Qc3+ 42. Ka2) 41... axb5 42. Bxb5 $2 (42. Kb3) 42... Qc3+ 43. Ka4
Qxc2+ 44. Ka3 Qc3+ 45. Ka4 Qc2+ $2 (45... Qa1+ $19 46. Kb3 Qe5 {[%mdl 64]
Double Attack}) 46. Ka5 $2 {[%mdl 8192]} (46. Ka3 $11 Qc3+ 47. Ka4 Qa1+ 48. Kb3
) 46... Qc7+ 47. Rb6 Kg5 48. Bd3 Kf4 49. Ka6 g5 50. b5 g4 (50... Qd8 $142 51.
Be4 {[%mdl 64] Decoy} Kxe4 52. Re6+ Kf4) 51. Rc6 Qd7 52. Bf1 g3 53. Rc4+ Ke3
54. b6 Kf2 55. b7 Qd6+ 56. Ka7 Qa3+ 57. Kb6 Qb3+ 58. Kc7 Kxf1 {KQ-KR} 59. Rf4+
Ke2 60. Rg4 Kf3 61. Rg5 Qc3+ 62. Kb6 Qe3+ 63. Rc5 Qf4 64. Rc3+ Kg4 65. Rc8 Qb4+
66. Kc6 Qc4+ 67. Kd6 Qd4+ 68. Kc6 Qe4+ 69. Kb6 Qe3+ 70. Kc6 Qf3+ (70... Qh6+
$142 71. Kb5 Qg5+ 72. Rc5 Qg8 73. Rc8 Qg5+ 74. Rc5 Qd8 75. Rc8 Qd7+ 76. Kb6
Qe6+ 77. Kc7 Qf7+ 78. Kc6 Qg6+ 79. Kb5 Qg5+) 71. Kb6 Qf2+ 72. Kc6 Qf3+ 73. Kb6
Qb3+ 74. Kc6 Qc2+ ({Less strong is} 74... g2 75. b8=Q $17) 75. Kb6 Qb2+ 76. Kc6
Qc3+ 77. Kb6 Qb4+ $2 (77... Qf6+ $1 $19 78. Ka5 Qa1+ 79. Kb6 Qf6+ 80. Ka5 Qg5+
81. Ka4 Qf4+ 82. Kb5 Qf5+ 83. Kb6 Qf6+) 78. Kc6 $17 {[#]} g2 $1 {( -> ...Qe4+)}
79. b8=Q Qxb8 (79... Qc4+ $17 80. Kd6 Qd3+ 81. Ke7 Qe4+ 82. Kd7 Qf5+ 83. Kc7
Qe5+ 84. Kc6 Qe6+ 85. Kc7 Qf7+ 86. Kc6 Qf3+ 87. Kd7 Qd5+ 88. Kc7 Qc5+ 89. Kd7
Qf5+ 90. Kc6 Qg6+ 91. Kb5 Qb1+ 92. Kc6 Qc2+ 93. Kd7 Qf5+) 80. Rxb8 {KR-KPP} h5
81. Kd5 Kf3 (81... h4 {with more complications.} 82. Ke4 Kg3 83. Rg8+ Kh2 84.
Kf3 g1=Q) 82. Rb3+ $2 {[%mdl 8192]} (82. Rf8+ $11 Kg3 83. Rg8+ Kf2 84. Rf8+ Kg3
85. Rg8+ Kf2 86. Rf8+ Kg3) 82... Kf2 $19 83. Rb2+ {[#]} Kg3 $1 84. Rb3+ Kh2 {
Black mates.} 85. Rb2 Kh1 86. Ke4 h4 87. Rb3 g1=Q 88. Rb2 Qe1+ 89. Kf3 Qg3+ 90.
Ke4 {[#]} Qg2+ $1 {Weighted Error Value: White=1.24/Black=0.48} 0-1

[Event "GCT Paris Blitz 2021"]
[Site "Paris"]
[Date "2021.06.22"]
[Round "15"]
[White "Svidler, Peter"]
[Black "Caruana, Fabiano"]
[Result "0-1"]
[WhiteElo "2714"]
[BlackElo "2820"]
[Annotator "TA"]
[PlyCount "125"]
[EventDate "2021.06.21"]
[EventType "tourn"]
[EventCountry "FRA"]
[SourceTitle "playchess.com"]
[Source "ChessBase"]
[SourceQuality "1"]

{[%evp 10,125,11,12,20,-35,52,19,138,139,150,140,193,200,196,208,279,249,255,
248,257,243,235,224,301,297,270,216,345,344,343,350,341,247,300,122,98,110,108,
52,61,0,0,-32,-11,-35,-20,-41,-4,-4,-4,-5,33,-5,-5,-45,-47,-38,-51,-52,-50,-52,
-52,-54,-61,-41,-25,-34,-23,-152,-145,-184,-127,-170,-177,-174,-170,-176,-167,
-193,-190,-196,-192,-205,-217,-231,-231,-243,-241,-285,-283,-304,-245,-261,
-258,-247,-252,-270,-106,-108,-108,-100,-100,-135,-108,-258,-200,-224,-159,
-216,0,-200,-214,-207,-225,-186,-185,-378]} 1. e4 c5 2. Nc3 Nc6 3. Bb5 Nd4 4.
Nf3 e6 5. O-O a6 6. Bd3 Nc6 {B30: Sicilian: 2...Nc6 3 Bb5, lines without ...g6.
} 7. Re1 (7. Be2 $11) 7... b5 $5 {[%mdl 4] Exploring less charted territory.} (
7... g5 $15 8. g3 d6) 8. Bf1 $14 {[#]} Qb6 $146 (8... Qc7 $11 {keeps the
balance.}) ({Predecessor:} 8... Bb7 9. d4 cxd4 10. Nxd4 d6 11. Nxc6 Bxc6 12. a4
bxa4 13. Nxa4 Nf6 14. Nc3 Qb6 {1/2-1/2 (39) Lahoche,D (2124)-Kirsch,L (2120)
Tornelo INT 2021}) 9. a4 $1 $16 {[%cal Ba2a4,Ba4a5][%mdl 32]} b4 {[#]} 10. Nd5
{[%cal Rd5b6][%mdl 512]} exd5 (10... Qa7 $16 {might work better.}) (10... Qd8
11. d4) 11. exd5+ $18 Nce7 12. d4 d6 13. a5 Qc7 14. dxc5 Qxc5 15. c4 $1 bxc3
16. bxc3 f6 17. Ba3 Qc7 18. Nd4 Kf7 (18... g6 $142 19. Qf3 Bd7) 19. Ne6 Qd7 20.
Rb1 Nh6 21. Rb6 Ng6 22. Nxf8 (22. Bd3 $18 {and White stays clearly on top.})
22... Rxf8 $16 23. Rxd6 Qg4 24. Qxg4 ({White should play} 24. f3 $16 Qg5 25.
Rc6) 24... Nxg4 $14 25. Rc6 ({White should try} 25. Rb6 $14 Rd8 26. c4) 25...
Rd8 $11 26. c4 {[%cal Bc3c4,Bc4c5][%mdl 32]} N4e5 27. Rb6 Bf5 28. d6 Nf4 {
next ...Rac8 is good for Black.} (28... Bd3 $5 {[%cal Rd3f1]} 29. c5 Bxf1 30.
Kxf1 Rdc8 $15) 29. c5 {[#]} Nh3+ $1 30. Kh1 $1 Nxf2+ 31. Kg1 Nfd3 32. Rd1 Rac8
33. c6 Rxc6 34. Rxc6 Nxc6 35. Bxd3 Bxd3 36. Rxd3 Nxa5 $15 {[%mdl 4096] Endgame
KRB-KRN} 37. Rc3 Rd7 38. Kf2 Ke6 39. Ke3 (39. g4 $11) 39... Rb7 $17 40. Kd4 Kd7
(40... Rb3 $19 41. Rxb3 Nxb3+ 42. Kc4 Nd2+ 43. Kd4 Kd7) 41. Re3 Nc6+ 42. Kc3
Rb5 43. Rg3 g6 44. Rh3 h5 45. Rf3 Ke6 46. Rd3 {intending d7.} Rd5 47. Rg3 Ne5
48. h3 g5 49. Kc2 Nc4 50. Bb4 Rb5 ({Don't play} 50... Nxd6 51. Re3+ Re5 52. Rf3
$19) 51. Rd3 {Black must now prevent d7.} Ne5 ({Less strong is} 51... Rxb4 52.
d7 $15) 52. d7 Nxd7 ({Stronger than} 52... Nxd3 53. d8=Q $11) 53. Rd6+ Kf5 $2 (
53... Ke5 $19 {has better winning chances. ...Nc5 is the strong threat.} 54.
Ba3 Ra5 $1) 54. Bc3 Ne5 55. Rxa6 Rd5 56. Ra4 h4 57. Rb4 (57. Ra6 $17) 57... Rd6
58. Ra4 Ng6 59. Bd2 (59. Ra5+ $17 {is a better defense.} Ke4 60. Bd2) 59... Ne5
60. Bc3 $1 Rc6 {Black is clearly better.} 61. Kd2 {[#]} Ng6 $1 62. Ra5+ {[#]}
Ke6 $1 63. Ra8 $2 {Weighted Error Value: White=0.20/Black=0.25} (63. Ba1) 0-1